Moje prvé pravidlá premávky

Bibliographic Details
Main Author: Fournier, Sophie (Author)
Other Authors: Tessier, Frédérick (Illustrator), Piskurová, Mária (Translator)
Format: Book
Language:Slovak
French
PhysicalDescription:47 strán farebné ilustrácie 24 cm
Published: Bratislava Svojtka & Co. 2019
ISBN:9788056703618
Edition:Prvé slovenské vydanie
Subjects:

MARC

LEADER 00000cam a2200000 4500
001 vtls011884815
003 SK-MaSNL
005 20260301101730.0
008 210202s2019 xo a br 000 1 slo
015 |a SNBA2020/03 
020 |a 9788056703618  |q (brožované) 
035 |a 7E02FDB9-41FC-4106-9E1C-52D75019E79F 
035 |a urn:nbn:sk:snk-am3ifhb 
035 |a urn:nbn:sk:snk-am00e8c9 
040 |a SNK  |b slo  |c SNK  |e rda 
041 1 |a slo  |h fre 
044 |a xo  |c SK 
072 7 |a 0/9-053.2  |x Literatúra pre deti a mládež (náučná)  |2 konspekt 
072 7 |a 656.1/.5  |x Pozemná doprava  |2 konspekt 
080 |a 656.11.053.1  |2 2011 
080 |a (0.062)  |2 2011 
080 |a 656.1.051  |2 2011 
080 |a 656:37.016  |2 2011 
080 |a (0.053.2)  |2 2011 
100 1 |a Fournier, Sophie  |4 aut  |9 436414 
240 1 |a Mon premier code de la route  |l Slovensky 
245 1 |a Moje prvé pravidlá premávky  |c napísala: Sophie Fournier ; ilustroval Frédérick Tessier ; preklad a korektúry Mária Piskurová 
246 3 0 |a Pravidlá premávky 
250 |a Prvé slovenské vydanie 
264 1 |a Bratislava  |b Svojtka & Co.  |c 2019 
300 |a 47 strán  |b farebné ilustrácie  |c 24 cm 
336 |a text  |b txt  |2 rdacontent 
336 |a statický obraz  |b sti  |2 rdacontent 
337 |a bez média  |b n  |2 rdamedia 
338 |a zväzok  |b nc  |2 rdacarrier 
500 |a Na obálke: Nauč sa pravidlá bezpečnosti na ceste pomocou príbehov a hier 
500 |a Preložené z francúzštiny 
521 8 |a Pre deti od 6 rokov 
650 0 7 |a cestná premávka  |2 SNKPH  |9 31852 
650 0 7 |a pravidlá cestnej premávky  |2 SNKPH  |9 67981 
650 0 7 |a Road traffic  |2 SNKPHeng  |9 316180 
650 0 7 |a Traffic regulations  |2 SNKPHeng  |9 287359 
650 0 7 |a dopravná výchova  |2 SNKPH  |9 27785 
650 0 7 |a Road safety education  |2 SNKPHeng  |9 325391 
655 7 |a publikácie pre deti  |2 SNKPH  |9 70148 
655 7 |a populárno-náučné publikácie  |2 SNKPH  |9 70460 
655 7 |a Publications for children  |2 SNKPHeng  |9 276792 
655 7 |a Popular works  |2 SNKPHeng  |9 90287 
700 1 |a Tessier, Frédérick  |4 ill  |9 436415 
700 1 |a Piskurová, Mária  |4 trl  |9 313047 
919 |a 978-80-567-0361-8 
958 |a LX 
958 |a DB 
958 |a UP 
968 |b FR 
999 |c 690168  |d 692098 
952 |a SNK  |b SNK  |y PREZ  |7 0  |p 17A1417082  |o snkSC 188168  |i snk2020/5256  |8 0  |0 0  |1 0  |4 0  |d 2020-03-02  |f 1  |l 0  |r 2025-10-06 00:00:00  |w 2026-02-23 
952 |a SNK  |b SNK  |y VYP  |7 0  |p 17A1417083  |o snkSC 188168 D1  |i snk2020/5257  |8 0  |0 0  |1 0  |4 0  |d 2020-03-02  |l 0  |r 2026-02-23 20:24:50  |w 2026-02-23